| 000 | 01192na a2200301 4500 | ||
|---|---|---|---|
| 001 | 16466 | ||
| 003 | MIRAKIL | ||
| 005 | 20181213155022.0 | ||
| 008 | 161011b tu 000 0 | ||
| 035 | _a16466 | ||
| 040 |
_aMilas _btur _cTR-AnCHP |
||
| 041 | _atur | ||
| 082 |
_a321.8 _bK74l 1997 |
||
| 090 | _a321.8 K74l 1997 | ||
| 100 | _aKubalı, Hakan | ||
| 245 |
_aLiberal demokrasi'nin eleştirisi, radikal demokrasi _b- modernite ve postmodernite açısından - _cHakan Kubalı |
||
| 246 | _aModernite ve postmodernite açısından Liberal demokrasi'nin eleştirisi, radikal demokrasi | ||
| 260 |
_aAnkara _bGazi Üniversitesi Sosyal Bilimler Enstitüsü Siyaset ve Sosyal Bilimler Ana Bilim Dalı _c1997 |
||
| 300 |
_a199 s. _b29 sm. _c29 sm. |
||
| 500 | _aYapıt yazarından imzalıdır. | ||
| 502 | _aYüksek lisans tezi -- Gazi Üniversitesi Sosyal Bilimler Enstitüsü Siyaset ve Sosyal Bilimler Anabilim Dalı, Ankara, 1997. | ||
| 504 | _aKaynakça (195-199) var. | ||
| 650 |
_aDemokrasi _xPostmodernlik açısından |
||
| 650 |
_aDemokrasi _xModernlik açısından |
||
| 650 |
_aDemokrasi _xRadikal |
||
| 650 |
_aDemokrasi _xLiberal _yEleştiriler |
||
| 942 |
_2dcc _cBKS |
||
| 999 |
_c4928 _d4928 |
||